|
|
|
|
| LEADER |
00000nam a2200000 a 4500 |
| 001 |
UCV5045 |
| 003 |
CL-VaPUC |
| 008 |
920401e19910000US |||||||||||||||||eng|d |
| 082 |
0 |
4 |
|a 639.2
|b POG
|2 21
|
| 100 |
0 |
|
|a Poggie, John J
|e author
|9 299296
|
| 700 |
0 |
|
|a Pollnac, Richard B
|e author
|9 299297
|
| 245 |
1 |
0 |
|a Small-scale fishery development: sociocultural perspectives
|
| 300 |
|
|
|a 158 p
|
| 942 |
|
|
|c BK
|
| 945 |
|
|
|d 19920401 00:00:00
|
| 260 |
|
|
|a Kingston
|b ICMRD
|c 1991
|
| 650 |
|
7 |
|a INDUSTRIA PESQUERA ASPECTOS SOCIALES
|2 CL-VaPUC
|9 261569
|
| 583 |
|
|
|a last modification
|c 20120516 10:09:47
|k Rodrigo Vera
|
| 999 |
|
|
|c 211648
|d 211646
|
| 952 |
|
|
|0 0
|1 0
|4 0
|6 639_200000000000000_POG_1991
|7 0
|8 CCM
|9 191381
|a BIBCUR
|b BIBCUR
|d 2019-11-14
|i 2590018
|o 639.2 POG 1991
|p 2590018
|r 2025-04-22
|w 2019-11-14
|y BK
|k CIM
|